000 00205 a2200097 4500
001 7662
100 _aJafri, R A
245 _aIqbal Aur Siyasat-e-Millie
260 _a
_bIqbal Acd
_c
090 _c6130
_d6130
942 _aNUST-CAE
_cM
_c32635
999 _c242735
_d242735